| 000 | 00782cam a2200241 a 4500 | ||
|---|---|---|---|
| 001 | 000010545 | ||
| 005 | 20200929162239.0 | ||
| 008 | 750102s1966 sp b 001 0 spa | ||
| 035 | _a(DLC) 67121765 | ||
| 035 | _a(OCoLC)1126786 | ||
| 040 |
_aDO-SdBNP _cOTU _dNcU _dDLC |
||
| 082 |
_a928.246 _bC355L |
||
| 100 | 1 |
_aLazaro, Ángel, _d1900-1985. _925578 |
|
| 245 | 1 | 0 |
_aRosalia de Castro : _bestudio y antología / _cÁngel Lazaro. |
| 260 |
_aMadrid : _bCompañía Bibliográfica Española, _c1966. |
||
| 300 |
_a206 p. ; _c19 cm. |
||
| 490 | 1 | _aUn autor de un libro | |
| 504 | _aBibliografía: p. [197]-206. | ||
| 600 | 1 | 0 |
_aCASTRO, ROSALÍA De, _d1837-1885 _vBIOGRAFÍA _925579 |
| 830 | 0 |
_aUn autor de un libro. _925580 |
|
| 910 | _aCatalogación por copia / LC | ||
| 049 | _aBNGR | ||
| 999 |
_c10303 _d10303 |
||